000
00298nam a22001337a 4500
008
181005b xxu||||| |||| 00| 0 eng d
020
_a
9780071544252
041
_a
eng
080
_a
311
100
_a
55
101
_a
STA
245
_a
Probability and Statistics
_c
Spiegel, M.R
942
_2
udc
_c
BK
999
_c
48909
_d
48909